000 00327nam a2200121Ia 4500
008 250327s9999 xx 000 0 und d
020 _a9789354791680
082 _bAND
_aCQR
100 _aDONALD L. ANDER
_934537
245 0 _aORGANIZATION DEVELOPMENT: THE PROCESS OF LEADING ORGANIZATIONAL CHANGE
260 _bSAGE
942 _cBK
999 _c7337
_d7337